000 01519nam a2200433 i 4500
001 32454
003 KOSZ 005
005 20191217122733.0
008 961010s1996 pl f |000 0 pol d
020 _a8390329654
040 _cKOSZ 005
_aKOSZ 005
_dKOSZ 005/HR
041 1 _apol
_heng
080 _a336.7
080 _a(07)
100 1 _aHaugen, Robert A.
_d(1942-2013)
_eAutor
245 1 0 _aTeoria nowoczesnego inwestowania :
_bobszerny podręcznik analizy portfelowej /
_cRobert A. Haugen ; [przekł. z ang. Sobiesław Pająk et al.].
246 3 0 _iTyt. oryg.:
_aModern investment theory
260 _aWarszawa :
_bWIG Press,
_c1996.
300 _aXXI, 829 s. :
_brys., wykr. ;
_c25 cm.
336 _2rdacontent
_aTekst
_btxt
337 _2rdamedia
_aBez urządzenia pośredniczącego
_bn
338 _2rdacarrier
_aWolumin
_bnc
380 _aKsiążki
380 _aPublikacje fachowe
388 _a1901-2000
500 _aOryg. : "Modern investment theory".
504 _aBibliogr. przy rozdz. - Indeks.
650 7 _aAnaliza finansowa
650 7 _aInwestycje
650 7 _aPapiery wartościowe
650 7 _aRynek kapitałowy
650 7 _aRyzyko finansowe
650 7 _aProcent
655 7 _aPodręcznik
658 _aGospodarka, ekonomia, finanse
700 1 _aPająk, Sobiesław
_eTłumaczenie
856 _uhttp://koha.tu.koszalin.pl/cgi-bin/koha/opac-detail.pl?biblionumber=32454
_yKatalog online BPK
942 _cKS
_2UKD
999 _c32454
_d32454